000 00443nam a22001817a 4500
003 LK-CoDNM
005 20250110112323.0
008 250110b |||||||| |||| 00| 0 eng d
040 _aLK-CoDNM
_dLK-CoDNM
_eLK-CoDNM
041 _aeng
080 _a5
_bN8
100 _aKirpatrick,R
245 _aThe Biology of Waterwarks
260 _aLondon
_bOrder of the Trustees
_c1924
300 _a58p ; 21 cm
650 _aScience
942 _cBK
999 _c235892
_d235892